| 000 | 00571nam a2200229Ia 4500 | ||
|---|---|---|---|
| 003 | OSt | ||
| 005 | 20221005121441.0 | ||
| 006 | a|||||r|||| 00| 0 | ||
| 007 | ta | ||
| 008 | 221004b |||||||| |||| 00| 0 eng d | ||
| 024 | _a39318 | ||
| 037 | _cTextual | ||
| 040 |
_aCRL _cCRL _beng |
||
| 041 |
_2eng _aeng |
||
| 082 | _aO:3M43w, J31 | ||
| 100 | _aEdel Leon | ||
| 245 | 0 |
_aHenry James _b The untried years 1843-1870 |
|
| 260 | _c1953 | ||
| 650 | _aENGLISH LITERATURE | ||
| 942 |
_hO:3M43w, J31 _cTEXL _2cc |
||
| 999 |
_c1041188 _d1041188 |
||